000 00824nam a2200253 a 4500
001 BRL_567
005 20190320210813.0
008 030913s1934----mx-a######---#000-0#spa-#
041 _aspa
044 _amx
050 4 _aF1219.3.A7
_b.E97 1934
245 1 0 _aExposición de escultura mexicana antigua
_bIlustraciones
260 _aMéxico
_bPalacio de Bellas Artes
_c1934
300 _a139 p.
_bil.
_c24 cm.
500 _apasa desprendida de las hojas
500 _aAu613
650 1 4 _aArte indígena
_vExposiciones
_zMéxico
_92095
650 1 4 _aEscultura
_vExposiciones
_zMéxico
_94985
650 1 4 _aIndígenas de México
_vExposiciones
_xEscultura
_924308
650 1 4 _aIndígenas de México
_vExposiciones
_xArte
_924309
710 2 _aPalacio de Bellas Artes (Ciudad de México)
_924310
902 _aGRL
942 _2lcc
_cB
999 _c9379
_d9379